ბათუმის შოთა რუსთაველის სახელმწიფო უნივერსიტეტის ბიბლიოთეკა

Canteen Cuisine Marco Pierre White in the Kitchen with Michael Caine (ბიბ.ჩანაწერი № 47678)

000 -LEADER
fixed length control field 00523nam a2200193Ia 4500
001 - CONTROL NUMBER
control field 14547
003 - CONTROL NUMBER IDENTIFIER
control field GE_BSU
008 - FIXED-LENGTH DATA ELEMENTS--GENERAL INFORMATION
fixed length control field 181216s||||||||xx |||||||||||||| ||und||
040 ## - CATALOGING SOURCE
Transcribing agency GE_BSU
080 ## - UNIVERSAL DECIMAL CLASSIFICATION NUMBER
Universal Decimal Classification number 641
245 ## - TITLE STATEMENT
Title Canteen Cuisine Marco Pierre White in the Kitchen with Michael Caine
245 ## - TITLE STATEMENT
Statement of responsibility, etc. Marco Pierre.Michael Caine
260 ## - PUBLICATION, DISTRIBUTION, ETC.
Place of publication, distribution, etc. London
260 ## - PUBLICATION, DISTRIBUTION, ETC.
Name of publisher, distributor, etc. Ebury Press
260 ## - PUBLICATION, DISTRIBUTION, ETC.
Date of publication, distribution, etc. 1995
300 ## - PHYSICAL DESCRIPTION
Extent 224p.ill.25cm.
653 ## - INDEX TERM--UNCONTROLLED
Uncontrolled term Canteen Cuisine Marco Pierre White in the Kitchen with Michael Caine
942 ## - ADDED ENTRY ELEMENTS (KOHA)
Koha item type წიგნი
ეგზემპლარები
Withdrawn status Lost status Damaged status Not for loan Date acquired Barcode Date last seen Price effective from Koha item type
        2018-12-17 37413 2018-12-17 2018-12-17 წიგნი